| 000 | 00904nam a22002417a 4500 | ||
|---|---|---|---|
| 008 | 130821s2007 xxk gr eng | ||
| 020 | _a9781840649550 | ||
| 040 |
_aCo-BoUCM _bspa |
||
| 041 | 0 | 0 | _aeng |
| 100 | 1 |
_aWren, J. Thomas _d1950- _9167474 |
|
| 245 | 1 | 0 |
_aInventing leadership the challenge of democracy _cJ. Thomas Wren |
| 260 |
_aCheltenham (Reino Unido) _bEdward Elgar _cc2007 |
||
| 300 | _axviii, 404 páginas | ||
| 490 | 0 | _aNew horizons in leadership studies | |
| 504 | _aIncluye bibliografía e índice general. | ||
| 650 | 0 | 4 |
_aCiencia política _9340 |
| 650 | 0 | 4 |
_aDemocracia _912617 |
| 650 | 0 | 4 |
_aFilosofía política _915841 |
| 650 | 0 | 4 |
_aLiderazgo político _918539 |
| 856 | 4 |
_zConsulte las tabla de contenido haciendo clic aquí _uhttp://www.loc.gov/catdir/toc/ecip0620/2006028690.html |
|
| 942 |
_cLIBRO _a6 _e1 _mW945i _2DEWEY _h324.22 |
||
| 999 |
_c69732 _d69732 |
||